000 00795cam a2200265 i 4500
001 34812
005 20230410103521.0
008 791023s1979 dr 000 1 spa
035 _9(DLC) 79116867
035 _a2758140
010 _a 79116867
040 _aDLC
_cDLC
_dDLC
050 1 4 _a118 PQ 7409
_bH557c 1979
100 2 _aHernández Acosta, Angel,
_d1922-
245 1 0 _aCarnavá /
_cAngel Hernández Acosta.
250 _a1. ed.
260 _aSanto Domingo :
_bEditora Taller,
_c1979.
300 _a102 p. ;
_c21 cm.
490 0 _aBiblioteca Taller
650 4 _aCLIF-RD
650 4 _aClásicos de Literatura de Ficción
856 4 0 _3Texto Completo => Carnavá / Angel Hernández Acosta
_u\\Funglodedc01\Tratados\CLIF_RD\Carnava.pdf
942 _2lcc
_cbk
946 _accruz
999 _c20384
_d20384